000 00606nam a2200193 a 4500
001 000032943
005 20240412074256.0
008 090928t1937 dr 000 p spa d
040 _aDO-SdBNP
_bspa
_cBNPHU
082 _aRD861.42
_bG615p
100 1 _aGoico Alix, Juan,
_d1833-1918
_923848
245 1 4 _aLos poemas del insomnio y otros poemas /
_cJuan Goico Alix.
260 _aSanto Domingo :
_bCambier,
_c1937.
300 _a128 p. ;
_c22 cm.
590 _aInventariado 2018/VM
650 0 _aPoesía dominicana
_966
650 0 _aLiteratura dominicana.
_967
910 _aValidado. Control de calidad EMS.
999 _c32434
_d32434